[Event "BUL-ch sf 80th"]
[Site "Plovdiv"]
[Date "2016.02.10"]
[Round "3"]
[White "Galunova, Tsveta"]
[Black "Dolmadjan, Arshak"]
[Result "1-0"]
[WhiteElo "2169"]
[BlackElo "2178"]
[PlyCount "38"]
[EventDate "2016.02.08"]
[EventType "swiss"]
[EventRounds "9"]
[EventCountry "BUL"]
[SourceTitle "CBM 170 Extra"]
[Source "ChessBase"]
[SourceDate "2016.02.25"]
[SourceVersion "1"]
[SourceVersionDate "2016.02.25"]
[SourceQuality "1"]

1. d4 d5 2. c4 e6 3. Nf3 Nf6 4. g3 dxc4 5. Bg2 Nbd7 6. Qa4 Be7 7. 0-0 0-0 8. Qxc4 c6 9. Rd1 Bd6 10. Qc2 Qe7 11. Nbd2 e5 12. Nc4 Bc7 13. b3 Re8 14. Ba3 Qe6 15. Ng5 Qg4 16. h4 Qh5 17. Bd6 Bxd6 18. Nxd6 Rf8 19. Bh3 h6 1-0

[Event "BUL-ch qual"]
[Site "Plovdiv"]
[Date "2007.02.26"]
[Round "4.12"]
[White "Dimitrov, Pavel"]
[Black "Dolmadjan, Arshak"]
[Result "1-0"]
[WhiteElo "2441"]
[BlackElo "2251"]
[PlyCount "93"]
[EventDate "2007.02.24"]
[EventType "swiss"]
[EventRounds "9"]
[EventCountry "BUL"]
[SourceTitle "CBM 117 Extra"]
[Source "ChessBase"]
[SourceDate "2007.05.09"]
[SourceVersion "1"]
[SourceVersionDate "2007.05.09"]
[SourceQuality "1"]

1. e4 e5 2. Qf3 Nc6 3. Bc4 Nf6 4. c3 d6 5. h3 Be6 6. Bb5 a6 7. Ba4 Be7 8. Ne2 0-0 9. 0-0 Ne8 10. Bc2 g6 11. d4 exd4 12. Nxd4 Ng7 13. Rd1 Bg5 14. Be3 Ne5 15. Qe2 Nh5 16. Nd2 Qf6 17. N4f3 Bxe3 18. Qxe3 Nf4 19. Nd4 Qg5 20. Qg3 Qxg3 21. fxg3 Nh5 22. Kh2 Ng7 23. Rf1 Rae8 24. a4 Nc4 25. Nxc4 Bxc4 26. Rf6 Ne6 27. b3 Nxd4 28. cxd4 Be6 29. Raf1 Kg7 30. R6f3 d5 31. e5 a5 32. Bb1 c6 33. g4 h6 34. Rf6 b6 35. Rc1 Rc8 36. Bxg6 c5 37. Bf5 Rfe8 38. Bxe6 fxe6 39. Rd1 cxd4 40. Rxd4 Rc3 41. g5 h5 42. Rdf4 Re7 43. Rh4 Re3 44. Rxh5 Rxe5 45. h4 Rf7 46. Rxf7+ Kxf7 47. g6+ 1-0

[Event "BUL-chT 55th"]
[Site "Sunny Beach"]
[Date "2005.09.26"]
[Round "1.2"]
[White "Dolmadjan, Arshak"]
[Black "Bojchev, Marian"]
[Result "0-1"]
[WhiteElo "2322"]
[BlackElo "2240"]
[PlyCount "95"]
[EventDate "2005.09.26"]
[EventType "team-swiss"]
[EventRounds "7"]
[EventCountry "BUL"]
[SourceTitle "CBM 108 Extra"]
[Source "ChessBase"]
[SourceDate "2005.11.04"]
[SourceVersion "1"]
[SourceVersionDate "2005.11.04"]
[SourceQuality "1"]
[WhiteTeam "Plovdiv Darshans"]
[BlackTeam "Radnevo Maritsa Iztok"]
[WhiteTeamCountry "BUL"]
[BlackTeamCountry "BUL"]

1. e4 c5 2. Nf3 e6 3. d4 cxd4 4. Nxd4 Nf6 5. Nc3 d6 6. Bd3 Nc6 7. Nxc6 bxc6 8. 0-0 e5 9. Bg5 Be7 10. Ne2 0-0 11. Ng3 h6 12. Bd2 Be6 13. h3 Nd7 14. Qh5 Bg5 15. Bxg5 Qxg5 16. Qxg5 hxg5 17. Rfd1 Rfd8 18. c4 Rab8 19. b3 g6 20. Be2 Nc5 21. Rd2 Kf8 22. f3 Ke7 23. Rb1 a5 24. Rdb2 Rb7 25. Nf1 Rdb8 26. Nd2 a4 27. Kf2 f5 28. Ke1 Na6 29. a3 axb3 30. Rxb3 Rxb3 31. Rxb3 Kd7 32. Rxb8 Nxb8 33. Nb3 Kc7 34. Kd2 c5 35. Kc3 Nc6 36. Bd1 Kb6 37. Na1 Nd4 38. Nc2 f4 39. Ne1 Ka5 40. Nd3 Bd7 41. Nb2 Bc6 42. Kd2 Ne6 43. Ke1 Ng7 44. Kf2 Nh5 45. Bc2 Nf6 46. Ke1 Nd7 47. Kd2 Nb6 48. Kc3 0-1

[Event "BUL-ch"]
[Site "Sofia"]
[Date "1996.??.??"]
[Round "1"]
[White "Kirov, Nino"]
[Black "Dolmadjan, Arshak"]
[Result "1-0"]
[WhiteElo "2445"]
[BlackElo "2320"]
[PlyCount "59"]
[EventDate "1996.??.??"]
[EventType "k.o."]
[EventRounds "5"]
[EventCountry "BUL"]
[SourceTitle "EXT 1999"]
[Source "ChessBase"]
[SourceDate "1998.11.16"]
[SourceVersion "1"]
[SourceVersionDate "1998.11.16"]
[SourceQuality "1"]

1. Nf3 d5 2. g3 Nf6 3. Bg2 c6 4. c4 Bg4 5. cxd5 Nxd5 6. 0-0 e6 7. d4 Nd7 8. e4 N5f6 9. Nc3 Be7 10. h3 Bxf3 11. Qxf3 0-0 12. Rd1 Nb6 13. Qe2 Re8 14. Be3 Bf8 15. a3 Qd7 16. b4 Rad8 17. Rab1 h6 18. a4 Nc8 19. Qa2 Qe7 20. b5 cxb5 21. axb5 b6 22. e5 Nd7 23. f4 Nb8 24. Qc4 Rd7 25. d5 exd5 26. Rxd5 Rc7 27. Qd3 Qa3 28. Ne2 Qxd3 29. Rxd3 Rce7 30. Nd4 1-0

[Event "BUL-chT"]
[Site "Varna"]
[Date "1995.??.??"]
[Round "3"]
[White "Dolmadjan, Arshak"]
[Black "Georgiev, Vladimir"]
[Result "0-1"]
[WhiteElo "2360"]
[BlackElo "2450"]
[PlyCount "60"]
[EventDate "1995.??.??"]
[EventType "team"]
[EventRounds "7"]
[EventCountry "BUL"]
[SourceTitle "EXT 2002"]
[Source "ChessBase"]
[SourceDate "2001.11.25"]
[SourceVersion "1"]
[SourceVersionDate "2001.11.25"]
[SourceQuality "1"]

1. e4 c5 2. c3 d5 3. exd5 Qxd5 4. d4 Nc6 5. Nf3 Bg4 6. Be2 cxd4 7. cxd4 e6 8. Nc3 Qa5 9. 0-0 Nf6 10. h3 Bh5 11. Be3 Bb4 12. Qb3 0-0 13. a3 Bxc3 14. bxc3 Qc7 15. c4 Rfd8 16. Rfd1 Rd7 17. Rac1 Rad8 18. g4 Bg6 19. d5 exd5 20. cxd5 Nxd5 21. Bg5 f6 22. Rc5 Bf7 23. Bc4 b6 24. Rcxd5 Bxd5 25. Rxd5 Kh8 26. Rxd7 Rxd7 27. Be6 Na5 28. Qa4 Re7 29. Bf4 Qb7 30. Nd4 Qe4 0-1

[Event "BUL-chT"]
[Site "Varna"]
[Date "1995.??.??"]
[Round "1"]
[White "Ninov, Ventsislav"]
[Black "Dolmadjan, Arshak"]
[Result "0-1"]
[WhiteElo "2195"]
[BlackElo "2360"]
[PlyCount "109"]
[EventDate "1995.??.??"]
[EventType "team"]
[EventRounds "7"]
[EventCountry "BUL"]
[SourceTitle "EXT 2002"]
[Source "ChessBase"]
[SourceDate "2001.11.25"]
[SourceVersion "1"]
[SourceVersionDate "2001.11.25"]
[SourceQuality "1"]

1. e4 e5 2. f4 d5 3. exd5 c6 4. dxc6 Nxc6 5. Nc3 exf4 6. Nf3 Bd6 7. d4 Nge7 8. Bd3 0-0 9. 0-0 Ng6 10. Ne4 Bc7 11. c3 Bg4 12. Qb3 Rb8 13. Neg5 Qf6 14. Bd2 h6 15. Ne4 Qd8 16. Rae1 Be6 17. Qc2 Bd5 18. Kh1 Re8 19. Re2 Nh4 20. Rfe1 Re6 21. Bc1 Nxf3 22. gxf3 Qh4 23. Rg1 f5 24. Nd2 Rxe2 25. Bxe2 Re8 26. Bc4 Bxc4 27. Nxc4 Qh5 28. Qg2 g5 29. Bd2 Ne7 30. Re1 Nd5 31. Ne5 Bxe5 32. dxe5 Qf7 33. c4 Nb6 34. b3 Kh7 35. Bc3 Nd7 36. Rd1 Re6 37. Qe2 b6 38. Rd6 Re7 39. Rd5 Qg6 40. b4 g4 41. c5 bxc5 42. bxc5 g3 43. Qd2 Qh5 44. Qe2 Nxc5 45. Rd2 Ne6 46. Qd3 Rg7 47. Bb4 Qh3 48. Rg2 Qh5 49. a3 Rc7 50. Bd2 Qg6 51. Qd6 Rb7 52. Qd3 h5 53. Rg1 h4 54. h3 Qf7 55. Bb4 0-1

[Event "Bankia tt"]
[Site "Bankia"]
[Date "1992.??.??"]
[Round "1"]
[White "Popchev, Milko"]
[Black "Dolmadjan, Arshak"]
[Result "1-0"]
[WhiteElo "2465"]
[BlackElo "2360"]
[PlyCount "113"]
[EventDate "1992.??.??"]
[EventType "team"]
[EventRounds "7"]
[EventCountry "BUL"]
[SourceTitle "EXT 1997"]
[Source "ChessBase"]
[SourceDate "1996.11.15"]
[SourceVersion "1"]
[SourceVersionDate "1996.11.15"]
[SourceQuality "1"]

1. e4 e5 2. Nc3 Nf6 3. g3 Be7 4. Bg2 0-0 5. Nge2 c6 6. d4 d6 7. a4 a5 8. 0-0 Na6 9. h3 Re8 10. Be3 Bf8 11. Re1 Nb4 12. d5 cxd5 13. exd5 Bf5 14. Rc1 Rc8 15. Qd2 h6 16. g4 Bh7 17. Ng3 Nd7 18. Be4 Nb6 19. b3 Bxe4 20. Ngxe4 Nd7 21. Nb5 Nf6 22. Nxf6+ Qxf6 23. c3 Na6 24. Bb6 Nc5 25. Rb1 Qg6 26. Bxc5 Rxc5 27. Rbd1 Be7 28. f4 Bh4 29. Re2 Bg3 30. f5 Qf6 31. c4 Qd8 32. Kg2 Bf4 33. Qd3 Rc8 34. Nc3 Qh4 35. Ne4 Red8 36. Qc3 b6 37. Rb1 Rc7 38. Qd3 Kh8 39. Reb2 Kg8 40. Qe2 h5 41. gxh5 Kf8 42. Qg4 Qxg4+ 43. hxg4 f6 44. Kf3 Ke7 45. Ke2 Kd7 46. Kd3 Rdc8 47. Rc2 Ra7 48. b4 axb4 49. Rxb4 Ra6 50. Rcb2 Ke7 51. R2b3 Rc7 52. Rxb6 Rxa4 53. Rc6 Rd7 54. Rc8 Rda7 55. Rg8 Bh6 56. Rbb8 Ra3+ 57. Kc2 1-0

[Event "Primorsko op"]
[Site "Primorsko"]
[Date "1989.??.??"]
[Round "?"]
[White "Saltaev, Mihail"]
[Black "Dolmadjan, Arshak"]
[Result "1/2-1/2"]
[WhiteElo "2400"]
[BlackElo "2350"]
[PlyCount "106"]
[EventDate "1989.??.??"]
[EventType "swiss"]
[EventRounds "11"]
[EventCountry "BUL"]
[SourceTitle "EXT 1998"]
[Source "ChessBase"]
[SourceDate "1997.11.17"]
[SourceVersion "1"]
[SourceVersionDate "1997.11.17"]
[SourceQuality "1"]

1. e4 e5 2. Nf3 Nc6 3. Bb5 Nf6 4. d3 d6 5. c3 Be7 6. Nbd2 0-0 7. 0-0 Bd7 8. Ba4 Re8 9. Nc4 Bf8 10. Bb3 h6 11. Re1 a5 12. a4 Be6 13. h3 g6 14. Bd2 Bg7 15. Ne3 d5 16. exd5 Nxd5 17. Ng4 Bxg4 18. hxg4 Qd6 19. g3 Rad8 20. Nh4 Qf6 21. Qe2 Nf4 22. Bxf4 exf4 23. Qxe8+ Rxe8 24. Rxe8+ Bf8 25. Rae1 Kg7 26. Ng2 g5 27. gxf4 gxf4 28. R1e4 Bd6 29. d4 Qg5 30. f3 h5 31. gxh5 Qxh5 32. Re2 Qxf3 33. Ne1 Qh3 34. Rh2 Qd7 35. Rg2+ Kf6 36. Rh8 Qf5 37. Bc2 Qd5 38. Re2 Ne7 39. Be4 Qb3 40. Rh6+ Ng6 41. Rh5 Qd1 42. Kf1 b6 43. Rf5+ Kg7 44. Bc2 Qc1 45. Bb3 f6 46. Rg2 f3 47. Rxf3 Bf4 48. Rc2 Qb1 49. Rh3 Qd1 50. Rd3 Qh5 51. Rf2 Bg5 52. Ng2 Qh1+ 53. Ke2 Qb1 1/2-1/2